| 000 | 00417nam a22001577a 4500 | ||
|---|---|---|---|
| 999 |
_c17576 _d17576 |
||
| 003 | OSt | ||
| 005 | 20221109153752.0 | ||
| 008 | 221108b ||||| |||| 00| 0 eng d | ||
| 040 | _c0 | ||
| 100 |
_aMercurio, Richmond. _946700 |
||
| 245 | _aGov't to triple free WIFI sites / | ||
| 260 |
_aPhilippines ; _cMarch 6, 2020. _bThe Philippine Star, |
||
| 300 | _apage B4. | ||
| 650 |
_aInternet. _946701 |
||
| 942 |
_2ddc _cPER |
||